Multiple Choice City Quiz – Thurmond, WV - Statistics

General Stats
  • This quiz has been taken 21 times
  • The average score is 6 of 10
Answer Stats
Question Answer % Correct
Thurmond holds the record for what? Longest Poker Game
83%
What river is Thurmond on? New River
83%
Who was the founder of the town of Thurmond? W. D. Thurmond
83%
Which year did said hotel burn down, and by what? 1930 - Arson
67%
Why did Thurmond's population decline? All of the Above
67%
What material was being produced/mined during Thurmond and its height? Coal
58%
What is the current population of Thurmond? 2
50%
What famous addiction was banned by the above in Thurmond? Alcohol
50%
Which hotel held the above? Dunglen Hotel
25%
What train does not go through Thurmond today? Union Pacific
25%
No matching quizzes found
Score Distribution
Percent of People with Each Score
Percentile by Number Answered
Your Score History
You have not taken this quiz